00514 2200193 4500001002100000005001800021008004100039020001800080035002400098090002000122100001800142245002900160250001100189260004200200300003400242650001400276850001500290999001500305YOGYA-1010000000076520101002091839949 ind  a979-554-051-7 0010-101000000000765 aDEP 158.3 Wel B aWells, Gordon aBerhasil dalam wawancara aCet. 1 aYogyakartabMedia Widya Mandalac1993 ax, 168 hlm . : ilus . ; 21 cm aWawancara aYOPDYOG[B] a93CBD11296